000 00836nam a2200253Ia 4500
003 OSt
005 20220925181452.0
006 a|||||r|||| 00| 0
007 ta
008 220923b |||||||| |||| 00| 0 eng d
020 _a9781845427108
_c4324.8000000000002
037 _bBBS/ 2, 12/05/2010, Better Book Service
_cGeneral Book
040 _aRTL
_cRTL
_beng
041 _2eng
_aeng
082 _aX, P9
100 _aJackson William A
_9253900
245 0 _aEconomic, culture and social theory.
260 _aCheltenham
_bEdward Elgar
_c2009
300 _ax, 269p Bibliography: P 206-255
_ccm.
490 _aNew Horizons in Institutional and Evolutionary Economics.
650 _aCommerce
942 _hX, P9
_cGB
_2CC
999 _c499378
_d499378